Time annual 2006
| Format: | Book |
|---|---|
| Published: |
New York :
Time Books ,
2006
|
| Subjects: |
MARC
| LEADER | 00000cam a2200000 7i4500 | ||
|---|---|---|---|
| 001 | 0000018921 | ||
| 005 | 20080612.0 | ||
| 008 | 080612 | ||
| 020 | |a 1932994696 | ||
| 090 | 0 | 0 | |a 920.006 |b TIM |
| 245 | 1 | 0 | |a Time annual 2006 |c editor Kelly Knauer |
| 260 | |a New York : |b Time Books , |c 2006 | ||
| 650 | 0 | |a Business people |x Biography | |
| 650 | 0 | |a History, modern |x 20th century | |
| 650 | 0 | |a Intellectuals |x Biography | |
| 650 | 0 | |a Scientist |x Biography | |
| 740 | 0 | |a Time annual two thousand six | |
| 999 | |a 0001016744 |b Book |c Adult Collection |e Perbadanan Perpustakaan Awam Johor | ||